000 00616nam a22002177a 4500
001 27747
003 BD-RjUL
005 20211209051209.0
008 140327s1906 enkacbe| 001 0 eng d
035 _a(BD-RjUL)27826
040 _aBD-RjUL
_beng
_cBD-RjUL
041 _aeng
082 _a958.1
_bHAA 1906
100 1 _aHamilton, Angus.
_985175
245 _aAfghanistan /
_cby Angus Hamilton.
260 _aLondon :
_bWilliam Heinemann,
_c1906.
300 _axxi,562 p. ;
_billus. ;
_c22 cm.
504 _aIncludes bibliographical references and index.
651 0 _aAfghanistan
_xHistory
_985176
942 _2ddc
_cBK
999 _c27747
_d27747